000
00318nam a22001457a 4500
008
210310b ||||| |||| 00| 0 eng d
020
_a
9780271020884
041
_a
eng
080
_a
94
082
_a
94
100
_a
16
101
_a
HIS
245
_a
Liberty, Equality, Fraternity
_c
Censer,J.R
942
_2
udc
_c
BK
999
_c
56225
_d
56225